Główne rzeki USA nazywające się tak, jak stany - Statystyki

Ogólne statystyki
  • Ten quiz został rozwiązany 199 razy
  • Średni wynik to 3 z 6
Statystyki odpowiedzi
Długość Rzeka % Poprawnych
3 544 km Mississippi
96%
3 768 km Missouri
85%
2 330 km Kolorado
60%
1 575 km Ohio
40%
2 322 km Arkansas
23%
1 504 km Tennessee
20%
Nie znaleziono quizów pasujących do podanych kryteriów
Rozkład punktacji
Procent ludzi z każdym wynikiem
Percentyl według liczby udzielonych odpowiedzi
Twoja historia wyników
Nie rozwiązałeś tego quizu